000 00488nam a2200205Ia 4500
003 OSt
005 20260121100548.0
008 210210b2008 xxu||||| |||| 00| 0 eng d
020 _a9780224061636
040 _cAL
041 _aeng
082 _a820.33 RUSE
100 _aSalman Rushdie
_9252016
245 _aEnchantress of florence
260 _aLondon
_bJonathan Cape
_c2008
300 _a359
690 _aIndian English Fiction
_9252017
906 _a062807
942 _2ddc
_cBK
999 _c129876
_d129876